[Event "26. Herner Stadtmeisterschaft 2025"]
[Site "?"]
[Date "2025.02.24"]
[Round "5.5"]
[White "Graw, Christopher"]
[Black "Kantor, Nikita"]
[Result "1/2-1/2"]
[WhiteElo "2227"]
[BlackElo "1934"]
[PlyCount "66"]
[GameId "2149292469555492"]
[EventDate "2025.??.??"]
[WhiteTeam "SK Sodingen/Castrop 24/23 e. V."]
[BlackTeam "SpVigung Sterkrade-Nord"]

1. d4 d5 2. c4 e6 3. Nc3 Nf6 4. cxd5 exd5 5. Bg5 Bb4 6. Rc1 h6 7. Bxf6 Qxf6 8. a3 Bxc3+ 9. Rxc3 c6 10. e3 O-O 11. Bd3 Re8 12. Ne2 Bf5 13. O-O Nd7 14. Nf4 Bxd3 15. Qxd3 g6 16. a4 Qd6 17. Rfc1 Kg7 18. a5 a6 19. Rb3 Rab8 20. Qc3 Nf6 21. Qb4 Ne4 22. Nd3 Qxb4 23. Rxb4 Nd6 24. Nc5 Nb5 25. Rb3 Re7 26. f3 f5 27. Rd3 Rbe8 28. Kf2 Nd6 29. b3 f4 30. Re1 g5 31. Re2 Kf7 32. Re1 h5 33. g3 Kf6 1/2-1/2

[Event "26. Herner Stadtmeisterschaft 2025"]
[Site "?"]
[Date "2025.02.24"]
[Round "5.6"]
[White "Kandyba, Andriy"]
[Black "Wolff, Christoph"]
[Result "1/2-1/2"]
[WhiteElo "2024"]
[BlackElo "1986"]
[PlyCount "63"]
[GameId "2149285394710743"]
[EventDate "2025.??.??"]
[WhiteTeam "SV Bochum-Linden-Dahlh"]
[BlackTeam "SV Horst-Emscher 1931"]

1. d4 Nf6 2. Nf3 g6 3. c4 Bg7 4. Nc3 d5 5. Bg5 Ne4 6. Bh4 Nxc3 7. bxc3 c5 8. e3 Nc6 9. Be2 dxc4 10. Bxc4 O-O 11. O-O a6 12. a4 Bg4 13. Rb1 Na5 14. Bd3 Rc8 15. Be4 Rc7 16. Bg3 Rd7 17. h3 Bxf3 18. Qxf3 Nc4 19. Qe2 Nb6 20. a5 Nd5 21. Bxd5 Rxd5 22. Rxb7 cxd4 23. cxd4 Rxa5 24. Rfb1 e5 25. dxe5 Bxe5 26. Bxe5 Rxe5 27. Qxa6 Qa5 28. Qxa5 Rxa5 29. g3 Rd8 30. Rc1 Rd2 31. Rcc7 Rf5 32. f4 1/2-1/2

[Event "26. Herner Stadtmeisterschaft 2025"]
[Site "?"]
[Date "2025.02.24"]
[Round "5.7"]
[White "Tolksdorf, Jürgen"]
[Black "Peter, Thomas"]
[Result "0-1"]
[WhiteElo "1688"]
[BlackElo "2104"]
[PlyCount "74"]
[GameId "2149295043039559"]
[EventDate "2025.??.??"]
[WhiteTeam "SV Günnigfeld 1922 e."]
[BlackTeam "SV Wattenscheid 1930 e"]

1. e4 e6 2. Nf3 d5 3. exd5 exd5 4. d4 Nf6 5. Nc3 Be7 6. Bd2 Bf5 7. Nh4 Be6 8. Bd3 Ne4 9. Nf3 Nxd2 10. Qxd2 O-O 11. O-O-O c5 12. dxc5 Nd7 13. h4 Nxc5 14. Ng5 Nxd3+ 15. Qxd3 Bxg5+ 16. hxg5 Qxg5+ 17. Kb1 h6 18. g3 Rfd8 19. f4 Qf6 20. Qf3 d4 21. Ne4 Qg6 22. Rdf1 f5 23. Nf2 Bd5 24. Qd3 Bxh1 25. Rxh1 Qe6 26. Qb5 Qd5 27. Qb3 Qxb3 28. axb3 Re8 29. Nd3 Re3 30. Rg1 Rc8 31. Ne5 Re2 32. Rc1 Rg2 33. Ng6 Kh7 34. Nh4 Rxg3 35. Nxf5 Rg4 36. Nxd4 Rxf4 37. c3 Rxd4 0-1

[Event "26. Herner Stadtmeisterschaft 2025"]
[Site "?"]
[Date "2025.02.24"]
[Round "5.8"]
[White "Lang, Daniel"]
[Black "Cobanoglu, Ferhat"]
[Result "1-0"]
[WhiteElo "2135"]
[BlackElo "1888"]
[PlyCount "77"]
[GameId "2149278646562970"]
[EventDate "2025.??.??"]
[WhiteTeam "SV Wattenscheid 1930 e"]
[BlackTeam "SK Sodingen/Castrop 24/23 e. V."]

1. c4 Nf6 2. Nc3 c6 3. e4 d5 4. e5 d4 5. exf6 dxc3 6. fxe7 cxd2+ 7. Bxd2 Bxe7 8. Bc3 O-O 9. Bd3 Re8 10. Ne2 Na6 11. O-O Bf6 12. Qc2 Bxc3 13. Nxc3 Qh4 14. g3 Qh6 15. Rfe1 Bh3 16. a3 Nc5 17. Bf5 Ne6 18. Bxh3 Qxh3 19. Qe4 f5 20. Qg2 Qh5 21. Rad1 Nd4 22. Rxe8+ Rxe8 23. Kf1 Nc2 24. Rc1 f4 25. gxf4 Qf5 26. Qg3 Rd8 27. Ne2 Rd6 28. Qc3 Nd4 29. Nxd4 Qxf4 30. Ne2 Qxh2 31. Qg3 Qh6 32. Re1 Qe6 33. c5 Rd7 34. Nf4 Qc4+ 35. Kg1 Rd4 36. Ng2 Qxc5 37. Qb8+ Kf7 38. Qe8+ Kf6 39. Qe6+ 1-0

[Event "26. Herner Stadtmeisterschaft 2025"]
[Site "?"]
[Date "2025.02.24"]
[Round "5.9"]
[White "Kleinert, Andreas"]
[Black "Waldschmidt, Georg"]
[Result "1/2-1/2"]
[WhiteElo "1844"]
[BlackElo "2125"]
[PlyCount "131"]
[GameId "2149304572985862"]
[EventDate "2025.??.??"]
[WhiteTeam "SC Buer-Hassel 1919 e. V."]
[BlackTeam "SK Sodingen/Castrop 24/23 e. V."]

1. c4 e6 2. g3 d5 3. b3 Nf6 4. Nf3 c5 5. e3 Nc6 6. Bg2 Be7 7. O-O O-O 8. Bb2 d4 9. exd4 cxd4 10. d3 e5 11. Re1 Nd7 12. Na3 Bb4 13. Re2 Re8 14. Nc2 Bf8 15. a3 a5 16. Qd2 Nc5 17. Rae1 Nxb3 18. Qd1 f6 19. Nd2 Nxd2 20. Qxd2 Bd7 21. Rb1 Bg4 22. Ree1 Bc5 23. Ba1 Qd7 24. f4 Rab8 25. Rf1 b6 26. Rbe1 Rbd8 27. fxe5 Nxe5 28. Bd5+ Be6 29. Bg2 Bh3 30. Bd5+ Be6 31. Bg2 Bf7 32. Rf4 Bg6 33. Bd5+ Kh8 34. Be4 Bxe4 35. Rexe4 f5 36. Re1 Ng6 37. Rff1 h6 38. Qf2 Rxe1 39. Rxe1 f4 40. Re4 fxg3 41. Qxg3 Qf7 42. Qf2 Qxf2+ 43. Kxf2 Rf8+ 44. Ke2 Rf5 45. Bxd4 Rh5 46. Bxc5 bxc5 47. d4 Rxh2+ 48. Kd3 Rh3+ 49. Ne3 cxd4 50. Kxd4 Rh1 51. c5 Rc1 52. Nc4 Rd1+ 53. Kc3 Rd7 54. c6 Rc7 55. Nxa5 Ne7 56. Re6 Kg8 57. Kc4 Kf7 58. Rd6 Ke8 59. Kc5 Nc8 60. Re6+ Re7 61. Rg6 Re5+ 62. Kb4 Rg5 63. Rxg5 hxg5 64. Kc5 Kd8 65. Kd4 Nd6 66. Nb7+ 1/2-1/2

[Event "26. Herner Stadtmeisterschaft 2025"]
[Site "?"]
[Date "2025.02.24"]
[Round "5.10"]
[White "Radi, Günter"]
[Black "Bautz, Volker"]
[Result "1-0"]
[WhiteElo "1902"]
[BlackElo "1833"]
[PlyCount "52"]
[GameId "2149297334190440"]
[EventDate "2025.??.??"]
[WhiteTeam "SV Günnigfeld 1922 e."]
[BlackTeam "Bochumer SV 02"]

1. d4 Nf6 2. Nf3 d5 3. c4 e6 4. Nc3 Nbd7 5. Bf4 dxc4 6. Qa4 c6 7. Qxc4 Be7 8. e3 Nb6 9. Qb3 Nbd5 10. Bg3 Qa5 11. Nd2 O-O 12. Rc1 Qb4 13. Qxb4 Bxb4 14. Be2 Bd7 15. O-O Rfc8 16. Nb3 Nxc3 17. bxc3 Ba3 18. Rc2 Ne4 19. Bf3 Nxg3 20. hxg3 b6 21. Nd2 c5 22. Nc4 Bb4 23. cxb4 cxb4 24. Rcc1 Bb5 25. Nd6 Rxc1 26. Rxc1 Ba6 1-0

[Event "26. Herner Stadtmeisterschaft 2025"]
[Site "?"]
[Date "2025.02.24"]
[Round "5.11"]
[White "Rohloff, Markus"]
[Black "Boost, Jürgen"]
[Result "1-0"]
[WhiteElo "1870"]
[BlackElo "1969"]
[PlyCount "33"]
[GameId "2149301819224501"]
[EventDate "2025.??.??"]
[WhiteTeam "SV Rot-Weiß-Altenessen"]
[BlackTeam "SC Gerthe 46 - Werne"]

1. e4 e5 2. f4 exf4 3. Nf3 d5 4. exd5 Nf6 5. Nc3 Nxd5 6. Bc4 Nxc3 7. bxc3 Qe7+ 8. Be2 Qc5 9. d4 Qxc3+ 10. Bd2 Qa3 11. Bxf4 Bb4+ 12. Kf2 O-O 13. Bd3 g6 14. Ng5 Bc3 15. Be5 Nc6 16. Nxh7 Kxh7 17. Qh5+ 1-0

[Event "26. Herner Stadtmeisterschaft 2025"]
[Site "?"]
[Date "2025.02.24"]
[Round "5.12"]
[White "Schelwokat, Peter"]
[Black "Schatte, Michael"]
[Result "1/2-1/2"]
[WhiteElo "1942"]
[BlackElo "1743"]
[PlyCount "44"]
[GameId "2149299612586377"]
[EventDate "2025.??.??"]
[WhiteTeam "SpVigung Sterkrade-Nord"]
[BlackTeam "SK Sodingen/Castrop 24/23 e. V."]

1. c4 Nf6 2. Nc3 g6 3. Nf3 Bg7 4. g3 c5 5. Bg2 Nc6 6. O-O O-O 7. d4 cxd4 8. Nxd4 Nxd4 9. Qxd4 Ne8 10. Qd3 Nc7 11. a3 d6 12. Be3 Bd7 13. Bxb7 Rb8 14. Bg2 Rxb2 15. Bxa7 Rb3 16. Rfc1 Ne6 17. Rab1 Rxa3 18. Bb6 Qe8 19. Qd2 Rxc3 20. Rxc3 Bxc3 21. Qxc3 Bc6 22. Bd5 Qd7 1/2-1/2

[Event "26. Herner Stadtmeisterschaft 2025"]
[Site "?"]
[Date "2025.02.24"]
[Round "5.13"]
[White "Zygan, Michael"]
[Black "Boxberg, Olaf"]
[Result "1/2-1/2"]
[WhiteElo "1913"]
[BlackElo "1834"]
[PlyCount "47"]
[GameId "2149291279802638"]
[EventDate "2025.??.??"]
[WhiteTeam "SK Sodingen/Castrop 24/23 e.V."]
[BlackTeam "SV Datteln 1924"]

1. d4 Nf6 2. c4 c5 3. d5 b5 4. cxb5 a6 5. bxa6 g6 6. Nc3 Bxa6 7. Nf3 d6 8. g3 Bg7 9. Bg2 Nbd7 10. Rb1 O-O 11. O-O Qc7 12. Re1 Ng4 13. Qc2 Nge5 14. Nxe5 Nxe5 15. b3 Ra7 16. Bd2 Rb8 17. f4 Nd7 18. e4 Bd4+ 19. Be3 Bxe3+ 20. Rxe3 c4 21. Na4 Bb5 22. Nc3 Ba6 23. Na4 Bb5 24. Nc3 1/2-1/2

[Event "26. Herner Stadtmeisterschaft 2025"]
[Site "?"]
[Date "2025.02.24"]
[Round "5.14"]
[White "Schmidt, Ralph"]
[Black "Klein, Andreas"]
[Result "1/2-1/2"]
[WhiteElo "1932"]
[BlackElo "1826"]
[PlyCount "69"]
[GameId "2149290317586691"]
[EventDate "2025.??.??"]
[WhiteTeam "SV Bochum-Linden-Dahlh"]
[BlackTeam "SC Buer-Hassel 1919 e. V."]

1. e4 c5 2. Nc3 e6 3. d3 Nc6 4. Be3 a6 5. f4 Be7 6. Nf3 d5 7. exd5 exd5 8. d4 c4 9. Be2 Nf6 10. O-O b5 11. Ne5 Qc7 12. Bf3 Be6 13. Qe1 b4 14. Ne2 Bf5 15. Qg3 g6 16. c3 Be4 17. Ng4 Bxf3 18. Nxf6+ Bxf6 19. Qxf3 Rd8 20. f5 g5 21. Ng3 Qd6 22. Nh5 Rd7 23. Rae1 Kd8 24. cxb4 Nxb4 25. Nxf6 Qxf6 26. Qg3 Kc8 27. Qxg5 Qxg5 28. Bxg5 Nd3 29. Re2 Rb7 30. Rb1 Kd7 31. Rd2 Rhb8 32. b3 cxb3 33. axb3 Rxb3 34. Rxb3 Rxb3 35. Kf1 1/2-1/2

[Event "26. Herner Stadtmeisterschaft 2025"]
[Site "?"]
[Date "2025.02.24"]
[Round "5.15"]
[White "Kramer, Martin"]
[Black "Slaby, Dietmar"]
[Result "1/2-1/2"]
[WhiteElo "1816"]
[BlackElo "1794"]
[PlyCount "36"]
[GameId "2149300020220308"]
[EventDate "2025.??.??"]
[WhiteTeam "Dortmunder SV 1875"]
[BlackTeam "SV Königsspringer Halt"]

1. Nf3 c5 2. c4 Nc6 3. Nc3 g6 4. e3 Bg7 5. d4 cxd4 6. exd4 d6 7. d5 Ne5 8. Nxe5 Bxe5 9. Bd3 Bg7 10. O-O Nf6 11. h3 O-O 12. Re1 Bd7 13. Bf4 Nh5 14. Bh2 f5 15. Be2 Nf6 16. Qd2 h6 17. Bf4 Kh7 18. Be3 Be8 1/2-1/2

[Event "26. Herner Stadtmeisterschaft 2025"]
[Site "?"]
[Date "2025.02.24"]
[Round "5.16"]
[White "Dimitriadis, Elias"]
[Black "Bialas, Jan-Philip"]
[Result "0-1"]
[WhiteElo "1736"]
[BlackElo "1841"]
[PlyCount "98"]
[GameId "2149297931772275"]
[EventDate "2025.??.??"]
[WhiteTeam "SV Waltrop 1922 e. V."]
[BlackTeam "SV Datteln 1924"]

1. e4 c5 2. Nf3 Nc6 3. d4 cxd4 4. Nxd4 g6 5. Nc3 Bg7 6. Be3 Nf6 7. f3 O-O 8. Qd2 d5 9. exd5 Nxd5 10. Nxc6 bxc6 11. O-O-O Bxc3 12. bxc3 Qa5 13. Bc4 Qa3+ 14. Kb1 Nxc3+ 15. Ka1 Be6 16. Bb3 Bxb3 17. cxb3 Nxd1 18. Qxd1 Rfd8 19. Qc2 Qd6 20. Bc1 Rd7 21. Bb2 Rad8 22. Qc3 Qf6 23. Qc2 Qf5 24. Qxc6 Rd1+ 25. Rxd1 Rxd1+ 26. Bc1 Qf6+ 27. Qxf6 exf6 28. Kb2 Rg1 29. g3 Kf8 30. a4 Ke8 31. Be3 Rg2+ 32. Kc3 a6 33. Kb4 Kd7 34. Ka5 Kc6 35. b4 Kb7 36. b5 axb5 37. Kxb5 Rxh2 38. Kc5 Rh5+ 39. Kd6 Ra5 40. g4 Rxa4 41. Ke7 Ra3 42. Bd4 Rxf3 43. Bxf6 h5 44. gxh5 gxh5 45. Bg5 Kc6 46. Kf8 Kd5 47. Kg7 Ke4 48. Kh6 f5 49. Be7 h4 0-1

[Event "26. Herner Stadtmeisterschaft 2025"]
[Site "?"]
[Date "2025.02.24"]
[Round "5.17"]
[White "Sikorski, Thomas"]
[Black "Gausmann, Thomas"]
[Result "0-1"]
[WhiteElo "1811"]
[BlackElo "1821"]
[PlyCount "64"]
[GameId "2149282212212916"]
[EventDate "2025.??.??"]
[WhiteTeam "SF Essen-Katernberg 0"]
[BlackTeam "SG Bochum 1931"]

1. c4 e6 2. e4 d5 3. cxd5 exd5 4. e5 c5 5. d4 Nc6 6. Bb5 a6 7. Bxc6+ bxc6 8. Nf3 Bg4 9. dxc5 Bxc5 10. O-O Ne7 11. Bg5 O-O 12. Nc3 Qc7 13. Na4 Ba7 14. Bxe7 Qxe7 15. Re1 Rfe8 16. h3 Bh5 17. Rc1 Rac8 18. Qd3 Bxf3 19. Qxf3 Qg5 20. Qe2 Re6 21. Qxa6 Rc7 22. Qa5 Rg6 23. g4 Qh4 24. Re3 Qe7 25. Nc5 h5 26. Rg3 Qxe5 27. Kg2 Bb8 28. Re3 Qxb2 29. Nb3 Ba7 30. Qxc7 Bxe3 31. Qc8+ Kh7 32. Qf5 Bxc1 0-1

[Event "26. Herner Stadtmeisterschaft 2025"]
[Site "?"]
[Date "2025.02.24"]
[Round "5.18"]
[White "Funke, Eckhard"]
[Black "Ponto, Michael"]
[Result "1/2-1/2"]
[WhiteElo "1920"]
[BlackElo "1833"]
[PlyCount "169"]
[GameId "2149263200940119"]
[EventDate "2025.??.??"]
[WhiteTeam "SV Günnigfeld 1922 e."]
[BlackTeam "SV Horst-Emscher 1931"]

1. d4 d5 2. c4 c6 3. Nc3 Nf6 4. Nf3 Bf5 5. cxd5 Nxd5 6. Qb3 Nb6 7. e4 Be6 8. d5 cxd5 9. Ng5 Bc8 10. Bb5+ Bd7 11. Nxd5 e6 12. Nxb6 Qxb6 13. Bxd7+ Nxd7 14. Qxb6 Nxb6 15. Be3 Bb4+ 16. Ke2 Nc4 17. Rac1 Nxe3 18. Kxe3 Bd6 19. Rhd1 Be7 20. Nf3 Rd8 21. Rxd8+ Bxd8 22. e5 O-O 23. Ke4 Bb6 24. Rc2 Rd8 25. Ne1 h6 26. f4 Kh7 27. g4 g5 28. Nf3 gxf4 29. Kxf4 Kg7 30. Ke4 f6 31. Rd2 Rxd2 32. Nxd2 fxe5 33. Kxe5 Bc7+ 34. Kxe6 Bxh2 35. Nf3 Bf4 36. Kf5 Bc1 37. b3 Bb2 38. Nd2 Bc3 39. Nc4 b5 40. Nd6 a6 41. Ne8+ Kf7 42. Nc7 b4 43. Nxa6 Bd2 44. Nc5 Bg5 45. Ne4 Be7 46. Nd2 Bg5 47. Nc4 Ke7 48. Ne5 Bd2 49. Nf3 Bc1 50. Ke5 Bb2+ 51. Kd5 Bc3 52. Kc4 Kd6 53. a3 Bf6 54. axb4 Kc6 55. Nd2 Kb6 56. Ne4 Be7 57. Nc3 Bf8 58. b5 Kb7 59. Nd5 Bd6 60. Nc3 Be7 61. Na4 Bd8 62. Kd5 Kc7 63. b4 Be7 64. b6+ Kb7 65. b5 Ba3 66. Ke6 Kc8 67. Kd5 Kb7 68. Ke6 Kc8 69. Nc3 Kb7 70. Nd5 Bc1 71. Kf5 Bd2 72. Kg6 Bc1 73. Ne7 Kxb6 74. Nf5 Kxb5 75. Nxh6 Kc5 76. Nf5 Kd5 77. Ng3 Ke5 78. Kh5 Kf6 79. Ne2 Be3 80. Nc3 Kg7 81. Kh4 Bd2 82. Ne4 Bc1 83. Kg3 Kg6 84. Kf3 Bh6 85. Ng3 1/2-1/2

[Event "26. Herner Stadtmeisterschaft 2025"]
[Site "?"]
[Date "2025.02.24"]
[Round "5.19"]
[White "Dlouhy, Peter"]
[Black "Cosic, Tarik"]
[Result "1-0"]
[WhiteElo "1754"]
[BlackElo "1468"]
[PlyCount "93"]
[GameId "2149283067646143"]
[EventDate "2025.??.??"]
[WhiteTeam "SV Unser Fritz Wanne-E"]
[BlackTeam "SV Waltrop 1922 e. V."]

1. d4 Nf6 2. Nf3 e6 3. e3 b6 4. Nbd2 Bb7 5. Bd3 d5 6. b3 Ne4 7. Bb2 Nd7 8. O-O Bd6 9. Ne5 O-O 10. f4 f6 11. Nxd7 Qxd7 12. Rf3 Rae8 13. Rh3 Qf7 14. Nxe4 dxe4 15. Bb5 c6 16. Bc4 b5 17. Be2 e5 18. dxe5 Be7 19. exf6 Bxf6 20. Bxf6 Qxf6 21. c4 Rd8 22. Qc1 b4 23. c5 Bc8 24. Bc4+ Be6 25. Rh5 Qf7 26. Bxe6 Qxe6 27. Re5 Qg4 28. Qc4+ Kh8 29. Qxe4 Rd1+ 30. Rxd1 Qxd1+ 31. Kf2 Qd2+ 32. Kg3 h6 33. Re8 Rxe8 34. Qxe8+ Kh7 35. Qe4+ Kh8 36. h4 a5 37. Qe8+ Kh7 38. Qe4+ Kh8 39. f5 Qc1 40. Qe8+ Kh7 41. Qe7 Qc2 42. f6 Qg6+ 43. Kh2 Qxf6 44. Qxf6 gxf6 45. Kg3 Kg6 46. Kf4 h5 47. e4 1-0

[Event "26. Herner Stadtmeisterschaft 2025"]
[Site "?"]
[Date "2025.02.24"]
[Round "5.20"]
[White "Mayeres, Hans-Christian"]
[Black "Engelmann, Chris"]
[Result "0-1"]
[WhiteElo "1837"]
[BlackElo "1840"]
[PlyCount "54"]
[GameId "2149294473384252"]
[EventDate "2025.??.??"]
[WhiteTeam "SC Recklinghausen Altsta"]
[BlackTeam "SV Unser Fritz Wanne-E"]

1. c4 Nf6 2. g3 e6 3. Bg2 Be7 4. e3 O-O 5. Nf3 d5 6. O-O Nbd7 7. b3 dxc4 8. bxc4 Nc5 9. d4 Nce4 10. Nfd2 Nxd2 11. Qxd2 c6 12. Nc3 Qc7 13. a4 b6 14. a5 Ba6 15. axb6 axb6 16. Qe2 Bxc4 17. Qxc4 Rxa1 18. d5 exd5 19. Bxd5 Nxd5 20. Nxd5 Qb7 21. Nxe7+ Qxe7 22. Qxc6 Qc5 23. Qxc5 bxc5 24. e4 Rb8 25. Be3 Rbb1 26. Rxb1 Rxb1+ 27. Kg2 c4 0-1

[Event "26. Herner Stadtmeisterschaft 2025"]
[Site "?"]
[Date "2025.02.24"]
[Round "5.22"]
[White "Schneider, Timo"]
[Black "Schicktanz, Florian"]
[Result "1-0"]
[WhiteElo "1692"]
[BlackElo "1777"]
[PlyCount "125"]
[GameId "2149270570795123"]
[EventDate "2025.??.??"]
[WhiteTeam "SV Datteln 1924"]
[BlackTeam "SV Erkenschwick 1923 e"]

1. c4 c5 2. Nc3 f5 3. Nf3 Nf6 4. e3 e6 5. d4 cxd4 6. exd4 Bb4 7. Bd2 O-O 8. a3 Be7 9. Bf4 Nh5 10. Bd2 b6 11. Bd3 Bb7 12. d5 Na6 13. h4 Nc5 14. Bc2 exd5 15. cxd5 Bd6 16. O-O Bf4 17. Bxf4 Nxf4 18. g3 Nh5 19. Nd4 g6 20. Nxf5 Qf6 21. Nh6+ Kh8 22. Ng4 Qg7 23. Qd2 Rf3 24. Nh2 Rf7 25. b4 Na6 26. Rad1 Nc7 27. Ne4 Bxd5 28. Nd6 Rf6 29. Ne4 Re6 30. Ng5 Re7 31. Ng4 Rae8 32. Rde1 Rxe1 33. Rxe1 Rxe1+ 34. Qxe1 h6 35. Nxh6 Qxh6 36. Be4 Kg8 37. Bxd5+ Nxd5 38. Qe8+ Qf8 39. Qxg6+ Qg7 40. Qe8+ Qf8 41. Qxh5 Nf6 42. Qg6+ Qg7 43. Qxg7+ Kxg7 44. f3 Nd5 45. Ne4 a5 46. bxa5 bxa5 47. Kf2 Nb6 48. g4 Nc4 49. a4 d5 50. Nc5 Nb2 51. Ke3 Nc4+ 52. Kd4 Nb6 53. Nb7 Nxa4 54. Nxa5 Nb6 55. Nc6 Kf6 56. Nb4 Ke6 57. f4 Kd6 58. f5 Nd7 59. Nxd5 Ne5 60. Ne3 Nf3+ 61. Ke4 Nxh4 62. Kf4 Ke7 63. Kg3 1-0

[Event "26. Herner Stadtmeisterschaft 2025"]
[Site "?"]
[Date "2025.02.24"]
[Round "5.23"]
[White "Deppe, Stefan"]
[Black "Baumeister, Sven"]
[Result "0-1"]
[WhiteElo "1170"]
[BlackElo "1737"]
[PlyCount "28"]
[GameId "2149303345496536"]
[EventDate "2025.??.??"]
[WhiteTeam "vereinslos"]
[BlackTeam "SV Datteln 1924"]

1. e4 c6 2. d4 d5 3. Nc3 dxe4 4. Nxe4 Nf6 5. Nxf6+ exf6 6. Nf3 Bd6 7. Qe2+ Be6 8. c4 O-O 9. Be3 Bb4+ 10. Bd2 Re8 11. O-O-O Bf5 12. Be3 Qa5 13. a3 Bxa3 14. Nh4 Qc3+ 0-1

[Event "26. Herner Stadtmeisterschaft 2025"]
[Site "?"]
[Date "2025.02.24"]
[Round "5.24"]
[White "Wiese, Thomas"]
[Black "Lojack, Rouven"]
[Result "1/2-1/2"]
[WhiteElo "1811"]
[BlackElo "1749"]
[PlyCount "41"]
[GameId "2149301343060394"]
[EventDate "2025.??.??"]
[WhiteTeam "SV Kamen 1930"]
[BlackTeam "SV Königsspringer Halt"]

1. e4 e5 2. Nf3 Nc6 3. Bb5 d6 4. d4 exd4 5. Nxd4 Bd7 6. Bxc6 bxc6 7. O-O Be7 8. Nc3 Nf6 9. Re1 O-O 10. h3 c5 11. Nde2 Bc6 12. Ng3 Nd7 13. Nf5 Bf6 14. f4 g6 15. Nh6+ Kh8 16. Nd5 Bg7 17. Ng4 Re8 18. c3 Rb8 19. Nf2 Nb6 20. Nxb6 cxb6 21. Bd2 1/2-1/2

[Event "26. Herner Stadtmeisterschaft 2025"]
[Site "?"]
[Date "2025.02.24"]
[Round "5.26"]
[White "Nouman, Abdulrrahman"]
[Black "Kowalczyk, Frank"]
[Result "1/2-1/2"]
[WhiteElo "1421"]
[BlackElo "1666"]
[PlyCount "75"]
[GameId "2149300328239519"]
[EventDate "2025.??.??"]
[WhiteTeam "SG Wanne"]
[BlackTeam "SK Sodingen/Castrop 24/23 e. V."]

1. e4 c5 2. Nf3 d6 3. d4 cxd4 4. Nxd4 Nf6 5. Nc3 a6 6. h3 e6 7. Bg5 Be7 8. Be2 b5 9. Qd3 Bb7 10. a3 O-O 11. Bf3 Qc7 12. Bh4 Nc6 13. Nxc6 Bxc6 14. Bg3 Rfd8 15. O-O Rac8 16. Qe2 a5 17. Nxb5 Bxb5 18. Qxb5 Rb8 19. Qd3 Rxb2 20. c4 a4 21. Rab1 Rdb8 22. Be2 Qc5 23. Rxb2 Rxb2 24. Rb1 Rxb1+ 25. Qxb1 Qxa3 26. f3 Qe3+ 27. Kf1 Qb3 28. Qxb3 axb3 29. Bd1 b2 30. Bc2 Nd7 31. Be1 Bg5 32. Ke2 Nb6 33. Kd3 Na4 34. Bb1 Kf8 35. Bb4 Ke7 36. Kc2 Nc5 37. Bxc5 dxc5 38. Kxb2 1/2-1/2

[Event "26. Herner Stadtmeisterschaft 2025"]
[Site "?"]
[Date "2025.02.24"]
[Round "5.27"]
[White "Domnik, Roland"]
[Black "Böcher, Joachim"]
[Result "0-1"]
[WhiteElo "1635"]
[BlackElo "1510"]
[PlyCount "111"]
[GameId "2149259919921207"]
[EventDate "2025.??.??"]
[WhiteTeam "SV Datteln 1924"]
[BlackTeam "SV Günnigfeld 1922 e."]

1. d4 d5 2. c4 c6 3. cxd5 cxd5 4. Nc3 Nf6 5. h3 g6 6. Bf4 a6 7. Nf3 Bg7 8. e3 O-O 9. Bd3 b5 10. O-O Bb7 11. b4 Nbd7 12. Rc1 Nb6 13. Qe2 Nc4 14. a4 Bc6 15. Ne5 Be8 16. a5 e6 17. Bg5 Qd6 18. Na2 Nd7 19. Nxd7 Bxd7 20. Rfd1 f6 21. Bf4 e5 22. dxe5 fxe5 23. Bg3 Qe7 24. e4 d4 25. Bxc4+ bxc4 26. Rxc4 Bb5 27. Rdc1 Qe6 28. Qc2 Bxc4 29. Qxc4 Qxc4 30. Rxc4 Rac8 31. Rc5 Rxc5 32. bxc5 Rc8 33. Nb4 Rxc5 34. Nxa6 Rxa5 35. Nb4 Ra1+ 36. Kh2 Rb1 37. Nd3 Rb3 38. Nxe5 Bxe5 39. Bxe5 d3 40. Bf4 Rb2 41. f3 d2 42. Bxd2 Rxd2 43. Kg3 Kf7 44. f4 Ke6 45. Kf3 h6 46. h4 Ra2 47. g3 h5 48. Ke3 Ra3+ 49. Kf2 Kd6 50. Kg2 Re3 51. e5+ Ke6 52. Kf2 Ra3 53. Kg2 Kf5 54. Kh3 Re3 55. Kg2 Kg4 56. Kf2 0-1

[Event "26. Herner Stadtmeisterschaft 2025"]
[Site "?"]
[Date "2025.02.24"]
[Round "5.28"]
[White "Bunzel, Robert"]
[Black "Koch, Burkhard"]
[Result "0-1"]
[WhiteElo "1555"]
[BlackElo "1787"]
[PlyCount "96"]
[GameId "2149272366178430"]
[EventDate "2025.??.??"]
[WhiteTeam "SV Wattenscheid 1930 e"]
[BlackTeam "SG Wanne"]

1. c4 Nf6 2. d4 e6 3. Nf3 d5 4. cxd5 exd5 5. Nc3 Be7 6. e3 O-O 7. Be2 b6 8. O-O Bb7 9. Qc2 Nbd7 10. a3 c5 11. Bd2 Ne4 12. b3 Rc8 13. Bd3 cxd4 14. Nxd4 Ne5 15. Bxe4 dxe4 16. Qd1 a6 17. Nce2 Nd3 18. Ng3 Bf6 19. Ngf5 Kh8 20. Qg4 g6 21. Nh6 Bg7 22. Qh3 Qg5 23. Qd7 Qxh6 24. Qxb7 Bxd4 25. Qxe4 Bxa1 26. Rxa1 Rfd8 27. Qe7 Qg7 28. Rd1 f6 29. Qe6 Ne5 30. f4 Rc6 31. Qh3 Rcd6 32. fxe5 fxe5 33. Qf3 Qd7 34. h3 Rxd2 35. Rxd2 Qxd2 36. Qf6+ Kg8 37. Qe6+ Kg7 38. Qxe5+ Kf7 39. Qf4+ Ke6 40. Qe4+ Kd6 41. Qf4+ Kc6 42. Qc4+ Kb7 43. Qe4+ Qd5 44. Qe7+ Rd7 45. Qh4 Rf7 46. e4 Qd4+ 47. Kh2 Qf2 48. Qg5 Qf4+ 0-1

[Event "26. Herner Stadtmeisterschaft 2025"]
[Site "?"]
[Date "2025.02.24"]
[Round "5.29"]
[White "Bieger, Peter"]
[Black "Breimann, Tobias"]
[Result "1/2-1/2"]
[WhiteElo "1828"]
[BlackElo "1693"]
[PlyCount "76"]
[GameId "2149288418930925"]
[EventDate "2025.??.??"]
[WhiteTeam "SF Fliegenpils e. V."]
[BlackTeam "SV Waltrop 1922 e. V."]

1. e4 e6 2. d4 d5 3. e5 c5 4. c3 Nc6 5. Nf3 Be7 6. Be2 a6 7. a4 Qc7 8. Be3 b6 9. Qd2 f6 10. exf6 Nxf6 11. O-O O-O 12. Bd3 e5 13. dxe5 Nxe5 14. Nxe5 Qxe5 15. Bf4 Qe6 16. Re1 Qd7 17. Bc2 Bd6 18. Bg5 Bb7 19. Qd3 c4 20. Qd4 Bc5 21. Qh4 h6 22. Be3 Rae8 23. Nd2 Ng4 24. Bxc5 Rxe1+ 25. Rxe1 bxc5 26. Nf3 Nf6 27. Ne5 Re8 28. f4 Qd6 29. Qg3 Nd7 30. Qg6 Qxg6 31. Bxg6 Re7 32. Kf2 Nxe5 33. Rxe5 Rxe5 34. fxe5 d4 35. a5 Kf8 36. g3 Ke7 37. Bf5 Kf7 38. Bd7 Ke7 1/2-1/2

[Event "26. Herner Stadtmeisterschaft 2025"]
[Site "?"]
[Date "2025.02.24"]
[Round "5.30"]
[White "Heiduk, Christopher"]
[Black "Bock, Oswin"]
[Result "1-0"]
[WhiteElo "1673"]
[BlackElo "1369"]
[PlyCount "60"]
[GameId "2149296717664605"]
[EventDate "2025.??.??"]
[WhiteTeam "SV Datteln 1924"]
[BlackTeam "SV Günnigfeld 1922 e."]

1. e4 g6 2. d4 Bg7 3. c4 b6 4. Nc3 Bb7 5. Nf3 d6 6. Be2 h6 7. Be3 e6 8. Qc2 Ne7 9. h4 Nd7 10. O-O-O a6 11. g4 c5 12. dxc5 Nxc5 13. Bxc5 bxc5 14. Rd2 Qc7 15. Rhd1 Rd8 16. e5 Nc8 17. Ne4 Bxe4 18. Qxe4 Qb6 19. Rd3 O-O 20. Rb3 Qa5 21. h5 d5 22. cxd5 exd5 23. Rxd5 Qxa2 24. Kc2 Qa5 25. hxg6 fxg6 26. Rxd8 Rxd8 27. Qxg6 c4 28. Bxc4+ Kh8 29. Rb7 Qa4+ 30. Bb3 Rg8 1-0

[Event "26. Herner Stadtmeisterschaft 2025"]
[Site "?"]
[Date "2025.02.24"]
[Round "5.33"]
[White "Deno, Thomas"]
[Black "Deutschmann, Jürgen"]
[Result "1-0"]
[WhiteElo "1722"]
[BlackElo "1864"]
[PlyCount "49"]
[GameId "2149296214696274"]
[EventDate "2025.??.??"]
[WhiteTeam "SC Buer-Hassel 1919 e. V."]
[BlackTeam "SV Hattingen e. V."]

1. d4 d5 2. Nc3 c6 3. Bf4 Nf6 4. e3 g6 5. Nf3 Nh5 6. Be5 f6 7. Bg3 Nxg3 8. hxg3 Bg4 9. Be2 Bg7 10. Qd2 Nd7 11. O-O-O Qc7 12. e4 h5 13. Kb1 Bh6 14. Qd3 dxe4 15. Nxe4 O-O-O 16. Nh4 Ne5 17. Bxg4+ hxg4 18. Qe2 Bg7 19. dxe5 Rxd1+ 20. Rxd1 f5 21. Nc5 Qxe5 22. Qxe5 Bxe5 23. Nxg6 Bf6 24. Nxh8 Bxh8 25. Ne6 1-0